Histología vegetal básica.
-д хадгалсан:
| Үндсэн зохиолч: | |
|---|---|
| Формат: | Ном |
| Хэл сонгох: | испани |
| Хэвлэсэн: |
Madrid. España
H. Blume
1980
|
| Нөхцлүүд: | |
| Шошгууд: |
Шошго нэмэх
Шошго байхгүй, Энэхүү баримтыг шошголох эхний хүн болох!
|
MARC
| LEADER | 00000nam a2200000 a 4500 | ||
|---|---|---|---|
| 001 | UCU2368 | ||
| 003 | CL-VaPUC | ||
| 005 | 20250224164157.0 | ||
| 008 | 960426e19800000SP |||||||||||||||||spa|d | ||
| 999 | |c 246674 |d 246672 | ||
| 040 | |c Pontificia Universidad Católica de Valparaíso | ||
| 082 | 0 | 4 | |a 581.1 COR 1980 |2 21 |
| 100 | 0 | |a Cortés Benavides, Felipe |9 358468 | |
| 245 | 1 | 0 | |a Histología vegetal básica. |
| 260 | 3 | |a Madrid. España |b H. Blume |c 1980 | |
| 300 | |a 125 páginas | ||
| 583 | |a last modification |c 19960426 00:00:00 |k Rodrigo Vera | ||
| 650 | 0 | |a Botánica |9 264202 | |
| 650 | 0 | |a Plantas |9 264555 | |
| 650 | 0 | |a Fisiología vegetal |9 260158 | |
| 650 | 7 | |a HOJAS |2 CL-VaPUC |9 358469 | |
| 650 | 0 | |a Flores |9 310803 | |
| 650 | 0 | |a Semillas |9 264396 | |
| 650 | 0 | |a Desarrollo vegetal |9 338112 | |
| 650 | 0 | |a Metabolismo vegetal |9 333115 | |
| 942 | |c BK |2 ddc | ||
| 945 | |d 19960426 00:00:00 |a rbrito | ||
| 952 | |0 0 |1 0 |2 ddc |4 0 |6 581_100000000000000_COR_1980 |7 0 |8 A |9 261852 |a BIBCUR |b BIBCUR |d 2019-11-19 |i 1754602 |o 581.1 COR 1980 |p 1754602 |r 2025-04-22 |t 2 |w 2019-11-19 |y BK |k BCB | ||
| 952 | |0 0 |1 0 |2 ddc |4 0 |6 581_100000000000000_COR_1980 |7 0 |8 A |9 261853 |a BIBCUR |b BIBCUR |d 2019-11-19 |i 1754629 |o 581.1 COR 1980 |p 1754629 |r 2025-04-22 |t 3 |w 2019-11-19 |y BK |k BCB | ||